The Same Game Quiz Stats

 Plays Quiz Updated Sep 4, 2017

Challenge
Share
Tweet
Embed
Score 0/30 Timer 05:00
3 Plays Today
Category Common Tie % Correct
US President First NamesGeorge
94.3%
US President First NamesJohn
92.4%
Big 4 Sport Team NamesGiants
87.8%
Big 4 Sport Team NamesPanthers
85.4%
Big 4 Sport Team NamesCardinals
85.2%
US President First NamesAndrew
81.9%
Big 4 Sport Team NamesRangers
81.1%
Big 4 Sport Team NamesKings
78.8%
US President First NamesJames
76.5%
US President First NamesWilliam
74.7%
Corporate Headquarter Locations (City)Seattle, WA
72.8%
Movie DirectorsSteven Spielberg
72.4%
Movie DirectorsGeorge Lucas
68.3%
Corporate Headquarter Locations (City)Atlanta, GA
64.1%
Movie DirectorsQuentin Tarantino
62.5%
Category Common Tie % Correct
Corporate Headquarter Locations (City)St. Louis, MO
48.4%
Corporate Headquarter Locations (City)Dallas, TX
48%
Word Play TermsHomophone
47.8%
Word Play TermsOxymoron
47.8%
Word Play TermsPalindrome
44.9%
Movie DirectorsAlfred Hitchcock
43.9%
Movie DirectorsSeth MacFarlane
36.6%
Pokémon TypesWater
33.6%
Corporate Headquarter Locations (City)Chicago, IL
32.6%
Word Play TermsOnomatopoeia
30.3%
Word Play TermsAnagram
28.7%
Pokémon TypesRock
20.8%
Pokémon TypesPoison
18.2%
Pokémon TypesDark
17.1%
Pokémon TypesBug
14.7%

You're not logged in!

Compare scores with friends on all Sporcle quizzes.
Join for Free
OR
Log In

You Might Also Like...

Show Comments

Extras

Top Quizzes Today


Score Distribution

Your Account Isn't Verified!

In order to create a playlist on Sporcle, you need to verify the email address you used during registration. Go to your Sporcle Settings to finish the process.

Report this User

Report this user for behavior that violates our Community Guidelines.

Details: